| Tag |
First Indicator |
Second Indicator |
Subfields |
| LEADER |
00000cam a2200000 a 4500 |
| 001 |
in00001788694 |
| 005 |
20151025105606.0 |
| 008 |
030314s2003 dcuaf b f001 0beng |
| 010 |
|
|
|a 2003045553
|
| 015 |
|
|
|a GBA3-V3858
|
| 020 |
|
|
|a 1588341666 (alk. paper)
|
| 029 |
1 |
|
|a UKM
|b bA3V3858
|
| 035 |
|
|
|a (OCoLC)ocm51900292
|
| 040 |
|
|
|a DLC
|c DLC
|d UKM
|d C#P
|d VTT
|d UtOrBLW
|
| 043 |
|
|
|a n-us---
|
| 049 |
|
|
|a TXAM
|
| 050 |
0 |
0 |
|a E840.8.M25
|b O24 2003
|
| 082 |
0 |
0 |
|a 328.73/092
|a B
|2 21
|
| 100 |
1 |
|
|a Oberdorfer, Don.
|
| 245 |
1 |
0 |
|a Senator Mansfield :
|b the extraordinary life of a great American statesman and diplomat /
|c Don Oberdorfer.
|
| 264 |
|
1 |
|a Washington [D.C.] :
|b Smithsonian Books,
|c [2003]
|
| 264 |
|
4 |
|c ©2003
|
| 300 |
|
|
|a xii, 593 pages, 16 unnumbered pages of plates :
|b illustrations ;
|c 24 cm.
|
| 336 |
|
|
|a text
|b txt
|2 rdacontent
|
| 337 |
|
|
|a unmediated
|b n
|2 rdamedia
|
| 338 |
|
|
|a volume
|b nc
|2 rdacarrier
|
| 504 |
|
|
|a Includes bibliographical references (pages 517-575) and index.
|
| 505 |
0 |
|
|a Goodbye to private Mike -- The early years -- To the mines and the love of his life -- Into the political world -- Mission to China -- The Truman years -- Introduction to Indochina -- Into the leadership for Kennedy -- Johnson I: years of escalation -- Johnson II: years of frustration -- With Nixon on the road to China -- Vietnam, China, Watergate, and beyond -- Ambassador to Japan -- The final years
|
| 600 |
1 |
0 |
|a Mansfield, Mike,
|d 1903-2001.
|
| 650 |
|
0 |
|a Legislators
|z United States
|v Biography.
|
| 610 |
1 |
0 |
|a United States.
|b Congress.
|b Senate
|v Biography.
|
| 650 |
|
0 |
|a Statesmen
|z United States
|v Biography.
|
| 650 |
|
0 |
|a Diplomats
|z United States
|v Biography.
|
| 651 |
|
0 |
|a United States
|x Politics and government
|y 1945-1989.
|
| 651 |
|
0 |
|a United States
|x Foreign relations
|y 20th century.
|
| 945 |
|
|
|a PromptCat
|
| 945 |
|
|
|i PromptCat
|
| 946 |
|
|
|a qatar
|
| 947 |
|
|
|a Q14800018864
|
| 948 |
|
|
|a cataloged
|b h
|c 2003/10/15
|d c
|e dmitchel
|f 9:00:00 am
|
| 994 |
|
|
|a 92
|b TXA
|
| 999 |
|
|
|a MARS
|
| 999 |
f |
f |
|s 694d5c78-f02b-3739-99b2-8ffe7b8ff463
|i 7c1368b5-683b-32c8-8398-9d600e4d203c
|t 0
|
| 952 |
f |
f |
|p normal
|a Texas A&M University
|b College Station
|c Sterling C. Evans Library
|d Evans: Library Stacks
|t 0
|e E840.8.M25 O24 2003
|h Library of Congress classification
|i unmediated -- volume
|m A14830736442
|
| 998 |
f |
f |
|a E840.8.M25 O24 2003
|t 0
|l Evans: Library Stacks
|